书目信息 |
| 题名: |
光学位相共轭及其应用
|
|
| 作者: | 陈军 著 | |
| 分册: | ||
| 出版信息: | 北京 科学出版社 1999.11 |
|
| 页数: | 246页 | |
| 开本: | 32开 | |
| 丛书名: | ||
| 单 册: | ||
| 中图分类: | O435.2 | |
| 科图分类: | ||
| 主题词: | 光学 | |
| 电子资源: | ||
| ISBN: | 7-03-007371-1 | |
| 000 | 00549nam0 2200193 45 | |
| 001 | 0012011036 | |
| 005 | 20001201101455.7 | |
| 010 | @a7-03-007371-1@d16.00元 | |
| 100 | @a20001201d1999 km y0chiy0120 ea | |
| 101 | 0 | @achi |
| 105 | @a z 000yy | |
| 200 | 1 | @a光学位相共轭及其应用@AGuang Xue Wei Xiang Gong E Ji Qi Ying Yong@f陈军著@FChen Jun Zhu |
| 210 | @a北京@c科学出版社@d1999.11 | |
| 215 | @a246页@d32开 | |
| 606 | 0 | @a光学 |
| 690 | @aO435.2@v3 | |
| 701 | 0 | @a陈军@4著 |
| 801 | @aCN@bPftUser@c20001201 | |
| 905 | @b508975-976@dO435.2@eCH.707@f2 | |
| 光学位相共轭及其应用/陈军著.-北京:科学出版社,1999.11 |
| 246页;32开 |
| ISBN 7-03-007371-1:16.00元 |
| ● |
| 相关链接 |
|
|
|
正题名:光学位相共轭及其应用
索取号:O435.2/CH.707
 
预约/预借
| 序号 | 登录号 | 条形码 | 馆藏地/架位号 | 状态 | 备注 |
| 1 | 508975 | 205089759 | 自科库401/401自科库 58排2列1层/ [索取号:O435.2/CH.707] | 在馆 | |
| 2 | 508976 | 205089768 | 自科库401/401自科库 58排2列1层/ [索取号:O435.2/CH.707] | 在馆 |